书目信息 |
| 题名: |
我不想保持正确
|
|
| 作者: | 塞尔 , 拉图尔 著 ;顾晓燕 译 | |
| 分册: | ||
| 出版信息: | 上海 上海人民出版社 2024.03 |
|
| 页数: | 313页 | |
| 开本: | 20cm | |
| 丛书名: | 新行思·人文思想 | |
| 单 册: | ||
| 中图分类: | N02 | |
| 科图分类: | ||
| 主题词: | 科学哲学--ke xue zhe xue--哲学思想 | |
| 电子资源: | ||
| ISBN: | 978-7-208-18745-0 | |
| 000 | 01770nam 2200313 450 | |
| 001 | 94514 | |
| 005 | 20250820164705.83 | |
| 010 | @a978-7-208-18745-0@b精装@dCNY68.00 | |
| 100 | @a20240418d2024 em y0chiy50 ea | |
| 101 | 1 | @achi@cfre |
| 102 | @aCN@b310000 | |
| 105 | @ay z 000yy | |
| 106 | @ar | |
| 200 | 1 | @a我不想保持正确@Awo bu xiang bao chi zheng que@e拉图尔对塞尔的五次访谈@f(法) 米歇尔·塞尔, 布鲁诺·拉图尔著@d= ?claircissements@fMichel Serres, Bruno Latour@g顾晓燕译@zfre |
| 210 | @a上海@c上海人民出版社@d2024.03 | |
| 215 | @a313页@d20cm | |
| 225 | 2 | @a新行思·人文思想@Axin xing si · ren wen si xiang |
| 314 | @a米歇尔·塞尔, 法国哲学家、思想家。船员之子。年轻时入海军学校, 后转入巴黎高等师范学校。曾任巴黎第一大学、美国斯坦福大学等校教授。1990年当选为法兰西学术院院士。布鲁诺·拉图尔, 法国哲学家、人类学家、社会学家。曾任巴黎高等矿冶学院、巴黎政治学院教授。顾晓燕, 南京大学法语语言文学博士, 现为南京财经大学外国语学院副教授。 | |
| 330 | @a1991年, 布鲁诺·拉图尔说服米歇尔·塞尔进行了五场访谈, 主题分别为“成长”“方法”“证明”“批评的终结”“智慧”, 讲述塞尔的成长经历和学术思考。塞尔以特立独行的思维方式著称, 他的思想总是穿梭于不同时空、学科, 在看似不相干的事物之间建立联系, 这让许多读者在得到启发之余不免感到困惑。此书的一大目的即厘清这些困惑, 让读者更便捷地了解塞尔的思想。 | |
| 410 | 0 | @12001 @a新行思·人文思想 |
| 500 | 10 | @a?claircissements@mChinese |
| 517 | 1 | @a拉图尔对塞尔的五次访谈@Ala tu er dui sai er de wu ci fang tan |
| 606 | 0 | @a科学哲学@Ake xue zhe xue@x哲学思想 |
| 690 | @aN02@v5 | |
| 701 | 1 | @a塞尔@Asai er@g(Serres, Michel),@f1930-2019@4著 |
| 701 | 1 | @a拉图尔@Ala tu er@g(Bruno Latour),@f1947-2022@4著 |
| 702 | 0 | @a顾晓燕@Agu xiao yan@4译 |
| 801 | 0 | @aCN@c20250909 |
| 905 | @a河南城建学院图书馆@dN02@eS011@f3 | |
| 我不想保持正确:拉图尔对塞尔的五次访谈/(法) 米歇尔·塞尔, 布鲁诺·拉图尔著= ?claircissements/Michel Serres, Bruno Latour/顾晓燕译.-上海:上海人民出版社,2024.03 |
| 313页;20cm.-(新行思·人文思想) |
| ISBN 978-7-208-18745-0(精装):CNY68.00 |
| 1991年, 布鲁诺·拉图尔说服米歇尔·塞尔进行了五场访谈, 主题分别为“成长”“方法”“证明”“批评的终结”“智慧”, 讲述塞尔的成长经历和学术思考。塞尔以特立独行的思维方式著称, 他的思想总是穿梭于不同时空、学科, 在看似不相干的事物之间建立联系, 这让许多读者在得到启发之余不免感到困惑。此书的一大目的即厘清这些困惑, 让读者更便捷地了解塞尔的思想。 |
| ● |
| 相关链接 |
|
|
|
正题名:我不想保持正确
索取号:N02/S011
 
预约/预借
| 序号 | 登录号 | 条形码 | 馆藏地/架位号 | 状态 | 备注 |
| 1 | 1628718 | 216287186 | 自科库401/401自科库 136排2列6层/ [索取号:N02/S011] | 在馆 | |
| 2 | 1628719 | 216287195 | 自科库401/401自科库 136排2列6层/ [索取号:N02/S011] | 在馆 | |
| 3 | 1628720 | 216287202 | 自科库401/401自科库 136排2列6层/ [索取号:N02/S011] | 在馆 |